Determinantes básicos de la política exterior de El Salvador a partir de la situación de crisis 1979-1985
Bewaard in:
| Hoofdauteur: | |
|---|---|
| Coauteur: | |
| Formaat: | Texto |
| Gepubliceerd in: |
San Salvador:
CSUCA
|
| Tags: |
Voeg label toe
Geen labels, Wees de eerste die dit record labelt!
|
MARC
| LEADER | 00000 a a2200000 04500 | ||
|---|---|---|---|
| 001 | 21155 | ||
| 003 | |||
| 040 | |||
| 090 | |a 091900 | ||
| 100 | |a Ascencio de Martínez, María Cristina | ||
| 110 | |a CSUCA. Programa Centroamericano de Investigaciones | ||
| 245 | |a Determinantes básicos de la política exterior de El Salvador a partir de la situación de crisis 1979-1985 | ||
| 260 | |a San Salvador: |b CSUCA | ||
| 300 | |a 57 p | ||
| 999 | |c 13665 |d 13665 | ||
